000 00418nam a2200157Ia 4500
003 GCL
008 140319s9999 xx 000 0 eng d
040 _aGCL /
_cGCL
082 0 4 _a399.5
_bA W
100 1 _aANORE, MARYL
245 1 0 _aWHALES MONSTERS OF THE DEEP /
_cANORE, MARYL
260 _a[S.N] :
_bCHICAGS NATURAL HISTORY MUSEUM ،
_c1961
650 0 4 _aWHALES
650 0 4 _aZOOLOGY - SCIENCES
942 _2ddc
_cBK
999 _c11210
_d11210